000 00550nam a2200193Ia 4500
005 20250508160702.0
008 008 250505s9999 xx 000 0 eng d
037 _aTextual
040 _aFEDL
_beng
_cFEDL
041 _aeng
_2eng
084 _a155, NAS
_qFEDL
100 _aNash John
245 0 _aDevelopmental psychology : A psychobiological appoach
260 _aEnglewood Cliffs
_b Prentice-Hall
_c1970
300 _axi,583p.
650 _aDevelopmental Psychology
942 _cTEXL
_h155, NAS
999 _c1366028
_d1366028